| 000 | 01004cam a2200301 a 4500 | ||
|---|---|---|---|
| 999 |
_c2857 _d2857 |
||
| 001 | 2897705 | ||
| 003 | OSt | ||
| 005 | 20181018232356.0 | ||
| 008 | 870714s1989 ilua b 001 0 eng | ||
| 010 | _a 87071897 | ||
| 020 | _a0891074651 | ||
| 040 |
_aDLC _cDLC _dDLC |
||
| 043 | _an-us--- | ||
| 050 | 0 | 0 |
_aHQ536 _b.P74 1989 |
| 082 | 0 | 0 |
_a646.7 _220 _bP947A |
| 100 | 1 | _aPride, Mary. | |
| 245 | 1 | 0 |
_aAll the way home : _bpower for your family to be its best / _cMary Pride. |
| 260 |
_aWestchester, Ill. : _bCrossway Books, _cc1989. |
||
| 300 |
_axiii, 284 p. : _bill. ; _c24 cm. |
||
| 504 | _aIncludes bibliographical references (p. 255-256) and index. | ||
| 650 | 0 |
_aFamilies _zUnited States. |
|
| 650 | 0 |
_aMarriage _zUnited States. |
|
| 650 | 0 |
_aMarriage _xReligious aspects _xChristianity. |
|
| 650 | 0 |
_aFamilies _xReligious life _zUnited States. |
|
| 906 |
_a7 _bcbc _corignew _d2 _eopcn _f19 _gy-gencatlg |
||
| 942 |
_2ddc _cBK |
||